Europa en paz (Record no. 7184)

MARC details
000 -LEADER
campo de control de longitud fija 00914nam a2200229 i 4500
001 - NÚMERO DE CONTROL
campo de control 7184
003 - IDENTIFICADOR DE NÚMERO DE CONTROL
campo de control ES-MaACL
005 - FECHA Y HORA DE LA ÚLTIMA TRANSACCIÓN
campo de control 20250807074958.0
007 - CAMPO FIJO DE DESCRIPCIÓN FÍSICA--INFORMACIÓN GENERAL
campo de control de longitud fija t|
008 - DATOS DE LONGITUD FIJA--INFORMACIÓN GENERAL
campo de control de longitud fija 901005s1990 sp ||||1| spa d
020 ## - NÚMERO INTERNACIONAL ESTÁNDAR DEL LIBRO
Número Internacional Estándar del Libro 84-309-1828-0
080 ## - NÚMERO DE LA CLASIFICACIÓN DECIMAL UNIVERSAL
Número de la Clasificación Decimal Universal 341.67
111 2# - ENTRADA PRINCIPAL--NOMBRE DE CONGRESO/REUNIÓN
Nombre de congreso/reunión o jurisdicción como elemento de entrada Convención Europea por el Desarme Nuclear (
Número del congreso/reunión o número de parte o sección 8º.
Fecha del congreso o de la firma del tratado 1989.
Sede del congreso/Lugar de la reunión Vitoria)
9 (RLIN) 595
245 10 - MENCIÓN DEL TÍTULO
Título Europa en paz
Resto del título : VIII Convencion europea por el desarme nuclear /
Mención de responsabilidad, etc. Josep Palau (coordinador) ; presentaciones de Ramon Peñagarikano, Josep Palau, Francisca Sauquillo ; prologo de Manuel Azcarate.
260 ## - PUBLICACIÓN, DISTRIBUCIÓN, ETC.
Lugar de publicación, distribución, etc. Madrid :
Nombre del editor, distribuidor, etc. Tecnos :
-- European Nuclear Disarmament,
Fecha de publicación, distribución, etc. D.L. 1990.
300 ## - DESCRIPCIÓN FÍSICA
Extensión 397 p. ;
Dimensiones 22 cm.
650 14 - PUNTO DE ACCESO ADICIONAL DE MATERIA--TÉRMINO DE MATERIA
Término de materia o nombre geográfico como elemento de entrada Desarme nuclear-
Subdivisión general Congresos y asambleas.
9 (RLIN) 11788
700 1# - ENTRADA AGREGADA--NOMBRE PERSONAL
Nombre de persona Palau, José
Títulos y otros términos asociados al nombre (político)
9 (RLIN) 88490
700 1# - ENTRADA AGREGADA--NOMBRE PERSONAL
Nombre de persona Azcárate, Manuel.
9 (RLIN) 24247
852 ## - LOCALIZACIÓN
Ubicación ES-MaACL
Número de control de estantería L-14432
Sublocalización o colección R.118049
Nota libre . - rust.
Holdings
Estatus retirado Estado de pérdida Estado de daño No para préstamo Biblioteca de origen Biblioteca actual Ubicación en estantería Fecha de adquisición Fuente de adquisición Total de préstamos Signatura topográfica completa Código de barras Visto por última vez Precio de reemplazo Tipo de ítem Koha
        Biblioteca del Ateneo de Madrid Biblioteca del Ateneo de Madrid Depósito 2 17/01/2008     L-14432 1007322 23/02/2023 23/02/2023 Libro impreso